000 00819cam a2200241 a 4500
001 29
003 BR-CuiBMT
005 20231031222630.0
008 230804s2022 mgb 000 0 por d
020 _a9786555183467
040 _aBR-CuiBMT
_cBR-CuiBMT
080 _22007
_a343.1
090 _a343.1
_bS237d
_c4. ed.
100 1 _aSantos, Marcus Renan Palácio de Morais Claro dos
245 1 2 _aO direito ao silêncio no processo penal :
_buma abordagem sobre o princípio nemo tenetur se detegere /
_cMarcus Renan Palácio de Morais Claro dos Santos.
250 _a4. ed., rev., ampl. e atual.
260 _aBelo Horizonte :
_bFórum,
_c2022.
300 _a192 p. ;
_c22 cm
504 _aInclui bibliografia.
650 _aSilêncio (Processo penal)
650 _aDireito processual penal
_xSilêncio
942 _2udc
_cLV
999 _c29
_d29